000 00506nam a22001817a 4500
003 OSt
005 20140310181751.0
008 130130t xxu||||| |||| 00| 0 eng d
020 _a9718591095
050 _aPN 6222
_b.D278 1993
082 _aFIL 398.999211
_bD365 1993
100 _aDe Guzman, R.R.
245 _aMga kasabihan at salawikaing Pilipino /
_cR.R. De Guzman.
260 _aManila :
_bArar Books Marketing,
_c1993.
300 _a45 p. :
_c21.5 cm.
_bill. ;
942 _2lcc
_cBK
999 _c3233
_d3233